000 00330 a2200157 4500
001 173540
020 _a
040 _cMagnum
100 _aJunqueira, Sonia
240 1 0 _aEusebio perdeu um parafuso
_lpor
245 1 0 _aEusebio perdeu um parafuso
362 0 _a1899
440 1 _aModerna
697 _aIJ/GERAL
942 _cBK
999 _c173540
_d173540